021_ Personnalités nées un 21 janvier par images - Statistiques

Statistiques générales
  • Ce quiz a été pris 52 fois
  • Le résultat moyen est 3 sur 9
Statistiques - réponses
Par images Hint Réponse % Correct
Youtubeur IShowSpeed
72%
Actrice Marina Foïs
62%
Tueur en Série Émile Louis
56%
Religieux Grigori Raspoutine
52%
Footballeuse Alisha Lehmann
36%
Chanteur Michel Jonasz
32%
Créateur de mode Christian Dior
28%
Chanteuse Emma Bunton
2%
Mannequine Agnès Souret
0%
Aucun quiz correspondant
Distribution des résultats
% des personnes avec chaque résultat
Percentile par nombre de réponses
Votre historique - résultats
Vous n’avez pas pris ce quiz